| 000 | 00884 a2200289 4500 | ||
|---|---|---|---|
| 650 | 0 | 0 |
_932546 _aTezler, Akademik |
| 999 |
_c200043754 _d34468 |
||
| 001 | 200043754 | ||
| 003 | TR-AnTOB | ||
| 005 | 20230119084927.0 | ||
| 008 | 111205s1996 tu 001 0 | ||
| 040 |
_aTR-AnTOB _cTR-AnTOB |
||
| 041 | 0 | _atur | |
| 099 | _aTEZ GAZI SBE TDE Ph. D'96 GUL | ||
| 100 | 1 |
_aGülhan, Abdulkerim _979137 |
|
| 245 | 0 | 0 |
_aHakani Mehmed Bey Hayatı, Eserleri, Edebi Kişiliği ve Divanı'nın Tenkidli Metni / _cAbdülkerim Gülhan. |
| 260 |
_aAnkara ; _b, _c1996 |
||
| 300 |
_a65 p. : _c29 cm. |
||
| 500 | _a2.v | ||
| 504 | _aIncludes bibliographical references and index | ||
| 650 | 0 | 0 |
_aDissertations, Academic _932543 |
| 653 | _aDivan | ||
| 653 | _aHakani Mehmed Bey | ||
| 710 | 2 | 2 |
_aGazi Üniversitesi. _bSosyal Bilimler Enstitüsü _944674 |
| 903 | _aMerkez Kütüphane | ||
| 942 |
_2z _cTEZ |
||